00412 a2200121 4500001001000000005001700010008004100027245010300068100002100171700002000192773006100212999001700273ART_4718920260410161850.0260409a 10aCapital humano y externalidades de la educación. Efectos en el crecimiento argentino (1913-1984)1 aDulitzky, Daniel1 aPorto, Guido G.0 tEconómicag- Año XXXIX, Nº 1/2 (ene. 1993)wREV7541 c24952d24952